| 000 | 00579nam a22001937a 4500 | ||
|---|---|---|---|
| 999 |
_c183586 _d183586 |
||
| 005 | 20211229115422.0 | ||
| 010 | _aENG-130738 | ||
| 020 |
_a978-81-316-1172-2 _c1395.00 |
||
| 035 | _aEN-114270 | ||
| 037 | _bDBAD | ||
| 082 | _a361.10954 | ||
| 100 | _aAhuja, Ram | ||
| 245 |
_aSocial Problems in India: _cRam Ahuja |
||
| 250 |
_aFourth Edition _bFully Revised and Updated |
||
| 260 |
_aNew Delhi _bRawat Publications _c2021 |
||
| 270 |
_a4858/24, Ansari Road, Daryaganj _bNew Delhi _e110002 |
||
| 300 |
_a646p _c24cm(hbk) |
||
| 942 |
_2ddc _cEN _h361.10954 _mAHU |
||